Capital Trip Quiz Stats

 Plays Quiz Updated Jul 13, 2016

Challenge
Share
Tweet
Embed
Score 0/24 Timer 09:00
4 Plays Today
Letter Capital % Correct
AAmsterdam
98.1%
BBrussels
83.4%
CCopenhagen
67.2%
DDublin
53.4%
FFreetown
28.3%
OOslo
26.8%
GGeorgetown
24.1%
JJerusalem
23.7%
IIslamabad
23.4%
HHavana
23.1%
WWarsaw
22%
QQuito
22%
Letter Capital % Correct
KKuwait City
19.8%
PPrague
19.4%
ZZagreb
18.7%
MMonaco
15%
UUlaanbaatar
14.6%
LLjubljana
13.9%
YYerevan
13.4%
NNicosia
13.1%
VVientiane
11.3%
RRoseau
10.6%
SSt. John's
9.6%
TTegucigalpa
9.4%

You're not logged in!

Compare scores with friends on all Sporcle quizzes.
Join for Free
OR
Log In

You Might Also Like...

Show Comments

Extras

Top Quizzes Today


Score Distribution

Your Account Isn't Verified!

In order to create a playlist on Sporcle, you need to verify the email address you used during registration. Go to your Sporcle Settings to finish the process.

Report this User

Report this user for behavior that violates our Community Guidelines.

Details: